Border Checkup: Middle East Quiz Stats

Quiz Updated Jun 23, 2016

Challenge
Share
Tweet
Embed
Score 0/21 Timer 04:00
0 Plays Today
Country Pair 'Y' or 'N' % Correct
Israel
Palestine
???
90.4%
Israel
Jordan
???
87.5%
Israel
Lebanon
???
86%
Syria
Iraq
???
84.8%
Syria
Lebanon
???
83.7%
Iraq
Palestine
???
80.6%
Israel
Iraq
???
80.4%
Syria
Jordan
???
79.7%
Lebanon
Saudi Arabia
???
78.8%
Palestine
Saudi Arabia
???
77.8%
Iraq
Saudi Arabia
???
76.6%
Country Pair 'Y' or 'N' % Correct
Syria
Israel
???
74.4%
Iraq
Lebanon
???
73.5%
Israel
Saudi Arabia
???
72.2%
Palestine
Jordan
???
71.3%
Jordan
Saudi Arabia
???
71.2%
Iraq
Jordan
???
69.9%
Syria
Saudi Arabia
???
65.9%
Syria
Palestine
???
61.3%
Lebanon
Palestine
???
58.5%
Lebanon
Jordan
???
49.4%

You're not logged in!

Compare scores with friends on all Sporcle quizzes.
Join for Free
OR
Log In

You Might Also Like...

Show Comments

Extras

Top Quizzes Today


Score Distribution

Your Account Isn't Verified!

In order to create a playlist on Sporcle, you need to verify the email address you used during registration. Go to your Sporcle Settings to finish the process.

Report this User

Report this user for behavior that violates our Community Guidelines.

Details: